000 00512nam a2200193 a 4500
001 13865
003 CO-ViMGA
008 141112s2004 ck r 000 u spa d
020 _a8480130059
040 _aCO-ViMGA
_bspa
_cCO-ViMGA
082 0 4 _a797.25 M177j
100 1 _aMartin, Oscar
_920214
245 1 0 _aJuegos y recreacion deportiva en el agua
260 _aMadrid :
_bGymnos,
_c1993
300 _a151
590 _aForma de adquisición : Compra
650 1 4 _aDEPORTES ACUATICOS
_920215
942 _2ddc
_cBK
999 _c24567
_d24567